| 000 | 00667nam a2200181 i 4500 | ||
|---|---|---|---|
| 001 | 89382 | ||
| 003 | ES-MaACL | ||
| 005 | 20230906180147.0 | ||
| 007 | t| | ||
| 008 | 050110s1929 fr ||||1| fre d | ||
| 100 | 1 |
_aLapidous, Iosif Abramovitch. _970150 |
|
| 245 | 1 | 0 |
_aPrécis d'économie politique _b: l'économie politique et la théorie de l'économie soviétique / _cY. Lapidus et K. Ostrovitianov ; traduit du russe par Victor Serge. |
| 260 |
_aParís : _bEditions Sociales Internationales, _c1929. |
||
| 300 |
_a468 p. ; _c23 cm. |
||
| 700 | 1 |
_aOstrovitianov, Konstantin Vasil'evich. _987826 |
|
| 700 | 1 |
_aSerge, Victor. _9105542 |
|
| 852 |
_aES-MaACL _jA-3395 |
||
| 999 |
_c89382 _d89382 |
||